MAASAI MARA UNIVERSITY

LIBRARY CATALOGUE

Contact Us: +254 020 2685356/7 or 0774 057787

Box: 861-20500, NAROK, KENYA

Email: info@mmarau.ac.ke

What I've learned since I knew it all : (Record no. 31690)

MARC details
000 -LEADER
fixed length control field 01483nam a22003017a 4500
001 - CONTROL NUMBER
control field 14964719
003 - CONTROL NUMBER IDENTIFIER
control field OSt
005 - DATE AND TIME OF LATEST TRANSACTION
control field 20190424104235.0
008 - FIXED-LENGTH DATA ELEMENTS--GENERAL INFORMATION
fixed length control field 190424b ||||| |||| 00| 0 eng d
020 ## - INTERNATIONAL STANDARD BOOK NUMBER
International Standard Book Number 9781414312811 (hc)
020 ## - INTERNATIONAL STANDARD BOOK NUMBER
International Standard Book Number 1414312814 (hc)
040 ## - CATALOGING SOURCE
Original cataloging agency MMU
Transcribing agency MMU
Modifying agency MMU
Language of cataloging eng
050 00 - LIBRARY OF CONGRESS CALL NUMBER
Classification number BV4647.C7
Item number M45 2008
082 00 - DEWEY DECIMAL CLASSIFICATION NUMBER
Classification number 248.4
Edition number 22
100 1# - MAIN ENTRY--PERSONAL NAME
Personal name Meier, Paul D.
245 10 - TITLE STATEMENT
Title What I've learned since I knew it all :
Remainder of title 12 secrets to living a satisfied life /
Statement of responsibility, etc. Paul Meier and Todd Clements.
260 ## - PUBLICATION, DISTRIBUTION, ETC. (IMPRINT)
Place of publication, distribution, etc. Carol Stream, Ill. :
Name of publisher, distributor, etc. Tyndale House Publishers,
Date of publication, distribution, etc. c2008.
300 ## - PHYSICAL DESCRIPTION
Extent xviii, 168 [3] p. ;
Dimensions 24 cm.
504 ## - BIBLIOGRAPHY, ETC. NOTE
Bibliography, etc Includes bibliographical references (p. [171]).
505 0# - FORMATTED CONTENTS NOTE
Formatted contents note Know-it-alls dont know it all -- Person can make a difference -- Life is not fair -- Honesty is the best policy -- Lies will catch up with you -- Dating often leads to marriage -- Marriage is hard work -- Friends are worth their weight in gold -- You will face temptation -- Addictions aren't funny -- Happiness is doing what you love -- God has a plan for your life -- No one likes an adult child -- Final question -- What have you learned?
650 #0 - SUBJECT ADDED ENTRY--TOPICAL TERM
Topical term or geographic name as entry element Contentment
General subdivision Religious aspects
-- Christianity.
650 #0 - SUBJECT ADDED ENTRY--TOPICAL TERM
Topical term or geographic name as entry element Satisfaction
General subdivision Religious aspects
-- Christianity.
650 #0 - SUBJECT ADDED ENTRY--TOPICAL TERM
Topical term or geographic name as entry element Christian life.
650 #0 - SUBJECT ADDED ENTRY--TOPICAL TERM
Topical term or geographic name as entry element Conduct of life.
700 1# - ADDED ENTRY--PERSONAL NAME
Personal name Clements, Todd.
856 41 - ELECTRONIC LOCATION AND ACCESS
Materials specified Table of contents only
Uniform Resource Identifier <a href="http://www.loc.gov/catdir/toc/ecip0725/2007033329.html">http://www.loc.gov/catdir/toc/ecip0725/2007033329.html</a>
942 ## - ADDED ENTRY ELEMENTS (KOHA)
Source of classification or shelving scheme Library of Congress Classification
Koha item type L
Holdings
Withdrawn status Lost status Source of classification or shelving scheme Damaged status Not for loan Home library Current library Date acquired Source of acquisition Total Checkouts Full call number Barcode Checked out Date last seen Date last checked out Price effective from Koha item type
    Library of Congress Classification     Maasai Mara University Library -Main Campus Maasai Mara University Library -Main Campus 04/24/2019 Donation-Book harvest 1 BV4647 .C7M45 2008 17037880 04/04/2020 03/05/2020 03/05/2020 04/24/2019 L
© 2016 Maasai Mara University.